000 00678nam a2200169Ia 4500
008 090711s9999 xx 000 0 und d
082 _b757
100 _aवाळिंबे वि. स.
245 _aसत्तावन्न ते सत्तेSााळीस (भाग 1)
260 _bराजहंस प्रकाशन
_c1997
300 _a534
600 _aवाळिंबे वि. स.
630 _aसत्तावन्न ते सत्तेSााळीस (भाग 1)
700 _aवाळिंबे वि. स.
730 _aसत्तावन्न ते सत्तेSााळीस (भाग 1)
942 _cBOOK
999 _c324247
_d324247